书目信息 |
| 题名: |
宁波植物图鉴
|
|
| 作者: | 马丹丹 , 吴家森 编著 | |
| 分册: | 第一卷 | |
| 出版信息: | 北京 科学出版社 2018 |
|
| 页数: | 402页 | |
| 开本: | 29cm | |
| 丛书名: | 宁波植物丛书 | |
| 单 册: | ||
| 中图分类: | Q948.525.53-64 | |
| 科图分类: | ||
| 主题词: | 植物--宁波--图集 | |
| 电子资源: | ||
| ISBN: | 978-7-03-057580-7 | |
| 000 | 01088oam2 2200277 450 | |
| 001 | 012001003742 | |
| 005 | 20191210110824.82 | |
| 010 | @a978-7-03-057580-7@dCNY368.00 | |
| 100 | @a20180913d2018 em y0chiy50 ea | |
| 101 | 0 | @achi@alat |
| 102 | @aCN@b110000 | |
| 105 | @aa z 001yy | |
| 106 | @ar | |
| 200 | 1 | @a宁波植物图鉴@Aning bo zhi wu tu jian@h第一卷@f马丹丹,吴家森等编著 |
| 210 | @a北京@c科学出版社@d2018 | |
| 215 | @a402页@c彩图@d29cm | |
| 225 | 1 | @a宁波植物丛书 |
| 330 | @a本书记载了宁波地区野生和习见栽培的蕨类植物39科77属160种8变种,裸子植物9科28属42种6变种1杂交种16品种,被子植物(木麻黄科-苋科)20科73属203种3亚种29变种1杂交种5变型8品种,每种植物均配有特征图片,同时有中文名、拉丁学名、科名、形态特征、生境与分布、主要用途等文字说明。 | |
| 410 | 0 | @12001 @a宁波植物丛书 |
| 510 | 1 | @aAtlas of plants in Ningbo@hVolume 1@zeng |
| 606 | 0 | @a植物@y宁波@j图集 |
| 690 | @aQ948.525.53-64@v5 | |
| 701 | 0 | @a马丹丹@Ama dan dan@4编著 |
| 701 | 0 | @a吴家森@Awu jia sen@f(1972-)@4编著 |
| 801 | 0 | @aCN@b上海新华@c20191020 |
| 905 | @b1206485-6@dQ948.525.53-64@e433:1@f2 | |
| 宁波植物图鉴.第一卷/马丹丹,吴家森等编著.-北京:科学出版社,2018 |
| 402页:彩图;29cm.-(宁波植物丛书) |
| ISBN 978-7-03-057580-7:CNY368.00 |
| 本书记载了宁波地区野生和习见栽培的蕨类植物39科77属160种8变种,裸子植物9科28属42种6变种1杂交种16品种,被子植物(木麻黄科-苋科)20科73属203种3亚种29变种1杂交种5变型8品种,每种植物均配有特征图片,同时有中文名、拉丁学名、科名、形态特征、生境与分布、主要用途等文字说明。 |
| ● |
| 相关链接 |
|
|
|
|
正题名:宁波植物图鉴
索取号:Q948.525.53-64/433:1
 
预约/预借
| 序号 | 登录号 | 条形码 | 馆藏地/架位号 | 状态 | 备注 |
| 1 | 1206485 | 212064852 | 第二样本阅览室/ [索取号:Q948.525.53-64/433:1] | 在馆 | |
| 2 | 1206486 | 212064861 | 第三借阅区/ [索取号:Q948.525.53-64/433:1] | 在馆 |